Mercantile Law (Record no. 27489)

MARC details
000 -LEADER
fixed length control field 00329nam a2200145Ia 4500
008 - FIXED-LENGTH DATA ELEMENTS--GENERAL INFORMATION
fixed length control field 090122s9999 xx 000 0 und d
082 ## - DEWEY DECIMAL CLASSIFICATION NUMBER
Item number 3411
Classification number T4(E)
100 ## - MAIN ENTRY--PERSONAL NAME
Personal name Menezes
Numeration James
245 ## - TITLE STATEMENT
Title Mercantile Law
600 ## - SUBJECT ADDED ENTRY--PERSONAL NAME
Personal name Menezes
630 ## - SUBJECT ADDED ENTRY--UNIFORM TITLE
Uniform title Mercantile Law
700 ## - ADDED ENTRY--PERSONAL NAME
Personal name Menezes
730 ## - ADDED ENTRY--UNIFORM TITLE
Uniform title Mercantile Law
942 ## - ADDED ENTRY ELEMENTS (KOHA)
Koha item type Book
Holdings
Withdrawn status Lost status Damaged status Not for loan Home library Current library Date acquired Total Checkouts Full call number Barcode Date last seen Copy number Price effective from Koha item type
        Dombivali Granthasangrahalaya, Dombivali Dombivali Granthasangrahalaya, Dombivali 01/22/2009   3411 DOM-3411 01/22/2009 1 01/22/2009 Book